000 00712nam a2200229Ia 4500
003 GCL
008 140319s9999 xx 000 0 ara d
040 _aGCL /
_cGCL
082 0 4 _a320.54
_bر م
100 1 _aرياض نجيب الريس
245 1 0 _aالمسيحيون والعروبة /
_cرياض نجيب الريس
260 _a[S.N] :
_bرياض الريس للكتب والنشر ،
_c1988
300 _a128 ص
490 _a
650 0 4 _aالعالم العربى
650 0 4 _aالاحوال السياسية
650 0 4 _aلبنان
650 0 4 _aالقومية العربية
650 0 4 _aالحرب الاهلية
650 0 4 _aالمسيحيون فى لبنان
942 _2ddc
_cBK
999 _c27976
_d27976